Movies by Cushion Quiz Stats

 Plays Quiz Updated Jan 26, 2018

Score 0/20 Timer 05:00
3 Plays Today
Hint Answer % Correct
Jaws
98.7%
Ghostbusters
98.7%
E.T. the Extra-Terrestrial
97.6%
Jurassic Park
97.2%
Star Wars
95.4%
Indiana Jones
94.9%
Pirates of the Caribbean
94.4%
James Bond
94.1%
Forrest Gump
93.3%
Titanic
93.1%
Hint Answer % Correct
Back to the Future
93.1%
The Godfather
90.5%
Kill Bill
89.9%
The Silence of the Lambs
87.5%
A Nightmare on Elm Street
87.5%
Braveheart
85.7%
Friday the 13th
82.6%
Saw
76.5%
The Big Lebowski
75.3%
The King's Speech
73.6%

You're not logged in!

Compare scores with friends on all Sporcle quizzes.
OR
Log In

You Might Also Like...

Show Comments

Extras

Top Quizzes Today


Score Distribution

Your Account Isn't Verified!

In order to create a playlist on Sporcle, you need to verify the email address you used during registration. Go to your Sporcle Settings to finish the process.

Report this User

Report this user for behavior that violates our Community Guidelines.

Details: